000 04060cam a2200829 a 4500
003 CO-ViMGA
005 20230915233559.0
008 170602s2017 ck a gr 000 m spa
020 _a9789585624405 (volumen 2)
020 _a9789585624412 (volumen 17)
020 _a9789585624429 (volumen 3)
020 _a9789585624436 (volumen 4)
020 _a9789585624443 (volumen 6)
020 _a9789585624450 (volumen 5)
020 _a9789585624467 (volumen 14)
020 _a9789585624474 (volumen 7)
020 _a9789585624481 (volumen 8)
020 _a9789585624498 (volumen 9)
020 _a9789585624504 (volumen 10)
020 _a9789585624511 (volumen 11)
020 _a9789585624528 (volumen 12)
020 _a9789585624535 (volumen 13)
020 _a9789585624542 (volumen 15)
020 _a9789585624559 (volumen 16)
020 _a9789585624566 (volumen 18)
020 _a9789585624573 (volumen 19)
020 _a9789585624580 (volumen 20)
020 _a9789585624597 (volumen 21)
020 _a9789585624603 (volumen 22)
020 _a9789585624610 (volumen 23)
020 _a9789585624627 (volumen 24)
020 _a9789585624634 (volumen 1)
020 _a9789585763692 (colección)
040 _aCO-ViMGA
_bspa
_cCO-ViMGA
082 0 4 _aCo868.5
_bM14m
245 1 0 _aMaletín de relatos pacíficos
_ccoordinación editorial y creativa, Juan Álvarez, Juan Cárdenas, Elizabeth Valenzuela
250 _aPrimera edición
260 _a[Colombia]
_bMinisterio de Ambiente y Desarrollo Sostenible
_c2017
300 _a24 volúmenes;
_bilustraciones en blanco y negro
505 _av.2 Memoria de guerreros / Alicia Castillo -- v.3 A falta de un animal / Carlos Rodríguez -- La convención mundial / Carlos Hurtado -- v.5 Don Juan el brujo / Dayana Zapata -- Ruta de escape / Giuseppe Ramírez -- Tafaris / Ivonne M. Rojas -- Juan Evaristo y la Mancha Negra sobre el río Mira / Jaime Rivas -- La justiciera danza de los árboles / Jairo Anaxarco -- v.10 El monte arrullador / José Mosquera -- Kilele / Juan Sebastián Mina -- v.12 Cumbe / Juana Amalkte -- v.13 Nato y su abuelo Natelo / Leo Ángel Rodríguez --v.14 Al vaivén de las mareas / Marcela Cuero -- v.15 La peste / Mario Alberto Dulcey -- v.16 Territorio en emergencia / Melkin Palacios -- El mareño y la pulpera / Pilar Madrid -- v.18 Patianga / Rakel Rengifo -- v.19 Resistencia Pacífico / Santiago Cruz -- v.20 Maldita maravilla / Sintia Angulo -- v.21 Bajo el yarumo / Velia Vidal -- Metiéndole el agua al coco / Víctor Manuel Rengifo -- v.23 Renacimientos / Yair André Cuenú Mosquera -- v.24 Mi abuela rita / Yijhan Rentería Salazar
650 1 4 _aCuentos colombianos-siglo xxl
_vcolecciones
_912316
650 1 4 _aLiteratura colombiana-siglo xxl
_vcolecciones
_912314
650 1 4 _aNovela colombiana-xxl
_vcolecciones
_912317
650 1 4 _aPoesía colombiana-xxl
_vcolecciones
_912315
700 1 _aÁlvarez, Juan
_912318
700 1 _aAngulo, Sintia
_912339
700 1 _aCárdenas, Juan
_912319
700 1 _aCastillo Lasprilla, Alicia
_912321
700 1 _aCruz Hoyos, Santiago
_912338
700 1 _aCuenú Mosquera, Yaír André
_912342
700 1 _aCuero Rodríguez, Marcela
_912333
700 1 _aDulcey, Mario Alberto
_912334
700 1 _aHurtado, Carlos Andrés
_912323
700 1 _aMadrid, Pilar
_912336
700 1 _aMaldek, Juana
_912331
700 1 _aMina, Juan Sebastián
_912330
700 1 _aMosquera R. José L.
_912329
700 1 _aOrtíz Lemos, Jairo Anaxarco
_912328
700 1 _aPalacios, Melkin
_912335
700 1 _aRamírez, Giuseppe
_912325
700 1 _aRengifo Rengifo, Rakel
_912337
700 1 _aRengifo, Víctor Manuel
_912341
700 1 _aRentería Salazar, Yijhan
_912343
700 1 _aRivas Díaz, Jaime
_912327
700 1 _aRodríguez Cortés, Leo Ángel
_912332
700 1 _aRodríguez, Carlos
_912322
700 1 _aRojas, Ivonne M.
_912326
700 1 _aValenzuela, Elizabeth
_912320
700 1 _aVidal, Velia
_912340
700 1 _aZapata Flórez, Dayana
_912324
942 _2ddc
_cBK
999 _c9395
_d9395